Training in interpersonal skills : (Record no. 10243)
[ view plain ]
| 000 -LEADER | |
|---|---|
| fixed length control field | 03915 a2200481 4500 |
| 005 - DATE AND TIME OF LATEST TRANSACTION | |
| control field | 20090506142715.0 |
| 008 - FIXED-LENGTH DATA ELEMENTS--GENERAL INFORMATION | |
| fixed length control field | 090506t xxu||||| |||| 00| 0 eng d |
| 010 ## - LCCN (DPL NO) | |
| LC control number | ENG-89205 B-312348-357 B-321213 |
| 020 ## - INTERNATIONAL STANDARD BOOK NUMBER | |
| International Standard Book Number | 9788120334120 |
| Terms of availability | 295.00 |
| 035 ## - SYSTEM CONTROL NUMBER | |
| System control number | EN-72738 |
| 035 ## - SYSTEM CONTROL NUMBER | |
| System control number | B-312348-357, B-321213 |
| 035 ## - SYSTEM CONTROL NUMBER | |
| System control number | B-357602 |
| 037 ## - SOURCE OF ACQUISITION | |
| Source of stock number/acquisition | DBAD / PUB |
| 040 ## - CATALOGING SOURCE | |
| Original cataloging agency | dpl |
| Language of cataloging | English |
| 082 ## - DEWEY DECIMAL CLASSIFICATION NUMBER | |
| Classification number | 658.302 |
| 100 ## - MAIN ENTRY--PERSONAL NAME | |
| Personal name | Robbins, Stephen P. |
| 245 ## - TITLE STATEMENT | |
| Title | Training in interpersonal skills : |
| Remainder of title | Tips for managing people at work / |
| Statement of responsibility, etc | by Stephen P. Robbins [and] Phillip L. Hunsaker |
| 250 ## - EDITION STATEMENT | |
| Edition statement | 4th ed. |
| 260 ## - PUBLICATION, DISTRIBUTION, ETC. (IMPRINT) | |
| Place of publication, distribution, etc | New Delhi |
| Name of publisher, distributor, etc | Prentice-Hall of India |
| Date of publication, distribution, etc | 2008 |
| 270 ## - ADDRESS | |
| Address | M-97, Connaught Circus |
| City | New Delhi |
| Postal code | 110001 |
| 300 ## - PHYSICAL DESCRIPTION | |
| Extent | vi, 305p. : |
| Other physical details | ill. |
| Dimensions | 24 cm ( pbk) |
| 500 ## - GENERAL NOTE | |
| General note | Includes index |
| 650 ## - SUBJECT ADDED ENTRY--TOPICAL TERM | |
| Topical term or geographic name as entry element | Supervision of employees. |
| 650 ## - SUBJECT ADDED ENTRY--TOPICAL TERM | |
| Topical term or geographic name as entry element | Interpersonal communication. |
| 700 ## - ADDED ENTRY--PERSONAL NAME | |
| Personal name | Hunsaker, Phillip L. |
| 942 ## - ADDED ENTRY ELEMENTS (KOHA) | |
| Institution code [OBSOLETE] | dpl |
| Item type | English Books |
| Source of classification or shelving scheme | Dewey Decimal Classification |
| Classification part | 658.302 |
| Call number suffix | ROB |
| Withdrawn status | Lost status | Source of classification or shelving scheme | Damaged status | Not for loan | Home library | Current library | Date acquired | Cost, normal purchase price | Total Checkouts | Barcode | Date last seen | Cost, replacement price | Koha item type | Collection code | Source of acquisition | Full call number | Copy number | Total Renewals |
|---|---|---|---|---|---|---|---|---|---|---|---|---|---|---|---|---|---|---|
| Dewey Decimal Classification | Bagh Kadhe Khan | Bagh Kadhe Khan | 06/05/2009 | 295.00 | B-312355 | 01/07/2024 | 295.00 | English Books | Non-fiction | UBH/311/19.1.09/250/12.12.08/20.1.09 | 658.302 ROB | 1 | ||||||
| Dewey Decimal Classification | Bawana | Bawana | 06/05/2009 | 295.00 | B-312357 | 06/05/2009 | 295.00 | English Books | Non-fiction | UBH/311/19.1.09/250/12.12.08/20.1.09 | 658.302 ROB | 1 | ||||||
| Dewey Decimal Classification | Central Library | Central Library | 06/05/2009 | 295.00 | 2 | B-312348 | 08/12/2018 | 295.00 | English Books | Non-fiction | UBH/311/19.1.09/250/12.12.08/20.1.09 | 658.302 ROB | 1 | |||||
| Dewey Decimal Classification | Andrews Gunj | D.B.Act.Division | 01/10/2008 | 295.00 | EN-72738 | 15/09/2008 | 295.00 | English Books | ||||||||||
| Dewey Decimal Classification | Janak Puri | Janak Puri | 12/09/2009 | 295.00 | 17 | B-357602 | 13/03/2020 | 295.00 | English Books | Non-fiction | UBH/095/8.9.09/94/4.9.09/11.9.09 | 658.302 ROB | 1 | 3 | ||||
| Dewey Decimal Classification | Karol Bagh | Karol Bagh | 06/05/2009 | 295.00 | B-312354 | 06/05/2009 | 295.00 | English Books | Non-fiction | UBH/311/19.1.09/250/12.12.08/20.1.09 | 658.302 ROB | 1 | ||||||
| Dewey Decimal Classification | Mobile Library | Mobile Library | 06/05/2009 | 295.00 | B-312349 | 06/05/2009 | 295.00 | English Books | Non-fiction | UBH/311/19.1.09/250/12.12.08/20.1.09 | 658.302 ROB | 2 | ||||||
| Dewey Decimal Classification | Mobile Library | Mobile Library | 06/05/2009 | 295.00 | B-312350 | 06/05/2009 | 295.00 | English Books | Non-fiction | UBH/311/19.1.09/250/12.12.08/20.1.09 | 658.302 ROB | 2 | ||||||
| Dewey Decimal Classification | Narela | Narela | 06/05/2009 | 295.00 | B-312356 | 06/05/2009 | 295.00 | English Books | Non-fiction | UBH/311/19.1.09/250/12.12.08/20.1.09 | 658.302 ROB | 1 | ||||||
| Dewey Decimal Classification | Patel Nagar | Patel Nagar | 06/05/2009 | 295.00 | B-312351 | 06/05/2009 | 295.00 | English Books | Non-fiction | UBH/311/19.1.09/250/12.12.08/20.1.09 | 658.302 ROB | 1 | ||||||
| Dewey Decimal Classification | Peshwa Road | Peshwa Road | 06/05/2009 | 295.00 | B-312352 | 06/05/2009 | 295.00 | English Books | Non-fiction | UBH/311/19.1.09/250/12.12.08/20.1.09 | 658.302 ROB | 1 | ||||||
| Dewey Decimal Classification | Sarojini Nagar | Sarojini Nagar | 06/05/2009 | 295.00 | 28 | B-312353 | 29/03/2019 | 295.00 | English Books | Non-fiction | UBH/311/19.1.09/250/12.12.08/20.1.09 | 658.302 ROB | 1 | 6 | ||||
| Dewey Decimal Classification | Shahdara Branch | Shahdara Branch | 06/05/2009 | 295.00 | 6 | B-321213 | 03/03/2026 | 295.00 | English Books | Non-fiction | UBH/369/13.3.09/250/12.12.08/19.3.09 | 658.302 ROB | 1 | 10 |
